000 00870nam a2200217 a 4500
001 000015919
005 20200929164212.0
008 100222s2009 dr 000 0 spa d
020 _a9789945869705
040 _aDO-SdBNP
_bspa
_cBNPHU
082 _a320.97293
_bS563d
100 1 _aSibilio, Fernando
_935809
245 1 0 _aDemocracia lavada en oro :
_buna mirada radiante a la patética fagocitosis del sistema político dominicano por las corporaciones económicas en los últimos 12 años /
_cFernando Sibilio.
260 _aSanto Domingo :
_bMédula editorial,
_c2009.
300 _a207 p. ;
_c22 cm.
500 _aIncluye datos biográficos del autor en la solapa de la cubierta
500 _aIncluye notas al pie de las páginas
504 _aIncluye referencias bibliográficas (p. 205-207)
651 4 _aRepública Dominicana
_xPolitica
_96440
049 _aBNPD
999 _c15461
_d15461